000 00466nam a2200157 i 4500
001 25272
003 ES-MaACL
005 20230906153227.0
007 t|
008 021223s1912 sp ||||1| spa d
100 1 _aAranaz e Izaguirre, Ricardo.
_922268
245 1 4 _aLos mecanismos
_b: estudios analíticos y gráficos /
_cpor Ricardo Aranaz e Izaguirre.
260 _aMadrid :
_bSamuel Romillo,
_c1912.
300 _a2 v. ;
_c22 cm.
852 _aES-MaACL
_jF-5485-86
999 _c25272
_d25272